Rap Album of the Year- Grammy's - Statistics

General Stats
  • This quiz has been taken 58 times
  • The average score is 15 of 31
Answer Stats
Artist Album Year % Correct
Kendrick Lamar GNX 2026
95%
Kendrick Lamar DAMN. 2018
85%
Kanye West Graduation 2008
77%
Tyler, the Creator Igor 2020
77%
Kendrick Lamar To Pimp a Butterfly 2016
74%
Kendrick Lamar Mr. Morale and the Big Steppers 2023
72%
Kanye West My Beautiful Dark Twisted Fantasy 2012
72%
Drake Take Care 2013
72%
Tyler, the Creator Call Me If You Get Lost 2022
67%
Kanye West The College Dropout 2005
67%
Eminem The Marshall Mathers LP 2001
62%
Eminem Relapse 2010
59%
Outkast Stankonia 2002
56%
Cardi B Invasion of Privacy 2019
54%
Doechii Alligator Bites Never Heal 2025
51%
Eminem Recovery 2011
51%
Eminem The Slim Shady LP 2000
51%
50 Get Rich or Die Tryin 2003
49%
Lil Wayne Tha Carter 3 2009
49%
Macklemore and Ryan Lewis The Heist 2014
49%
Nas King's Disease 2021
46%
Killer Mike MICHAEL 2024
44%
Chance the Rapper Coloring Book 2017
41%
Eminem The Marshall Mathers LP 2 2015
41%
Outkast Speakerboxxx/The Love Below 2004
38%
Ludacris Release Therapy 2007
10%
Fugees The Score 1997
10%
Jay Z Vol. 2... Hard Knock Life 1999
8%
Puff Daddy (Diddy) No Way Out 1998
5%
Naughty by Nature Poverty's Paradise 1996
5%
Ghostface Killah Fishscale 2006
3%
No matching quizzes found
Score Distribution
Percent of People with Each Score
Percentile by Number Answered
Your Score History
You have not taken this quiz